[Event "FRA-chT2 West 0607"]
[Site "France"]
[Date "2007.04.01"]
[Round "11.6"]
[White "Maleki, Manuel"]
[Black "Grossier, Pascal"]
[Result "1/2-1/2"]
[WhiteElo "2134"]
[BlackElo "1982"]
[PlyCount "97"]
[EventDate "2006.10.15"]
[EventType "team-tourn"]
[EventRounds "11"]
[EventCountry "FRA"]
[SourceTitle "EXT 2008"]
[Source "ChessBase"]
[SourceDate "2007.11.25"]
[SourceVersion "1"]
[SourceVersionDate "2007.11.25"]
[SourceQuality "1"]
[WhiteTeam "Tours"]
[BlackTeam "Le Mans"]
[WhiteTeamCountry "FRA"]
[BlackTeamCountry "FRA"]

1. Nf3 Nf6 2. c4 e6 3. Nc3 b6 4. g3 Bb7 5. Bg2 Be7 6. 0-0 0-0 7. Re1 d5 8. cxd5 exd5 9. d4 Nbd7 10. Bf4 Bb4 11. Qb3 Bxc3 12. Qxc3 c6 13. a4 Ne4 14. Qb3 a5 15. Nd2 Re8 16. Rac1 h6 17. Nf1 g5 18. Be3 f5 19. f3 Nd6 20. Bd2 Qf6 21. Bc3 Qf7 22. Qc2 Rac8 23. b4 axb4 24. Bxb4 c5 25. dxc5 bxc5 26. Bc3 d4 27. Ba1 Nb6 28. e3 Qc4 29. Qb1 Qb4 30. exd4 Qxb1 31. Rxb1 Rxe1 32. Rxe1 Nxa4 33. Re6 Nf7 34. dxc5 Nxc5 35. Rg6+ Kf8 36. Bh3 Bc6 37. Rxc6 Rxc6 38. Kf2 Nd3+ 39. Ke3 Nde5 40. Nd2 g4 41. fxg4 fxg4 42. Bf1 Nf3 43. Nxf3 gxf3 44. Bd4 Ke7 45. Bh3 Ng5 46. Bg4 Kf7 47. Bh5+ Ke6 48. Bg7 Nf7 49. Bxf3 1/2-1/2

[Event "FRA-chT2 West 0607"]
[Site "France"]
[Date "2006.11.26"]
[Round "3.4"]
[White "Cousigne, Frederic"]
[Black "Grossier, Pascal"]
[Result "1-0"]
[WhiteElo "2196"]
[BlackElo "1985"]
[PlyCount "57"]
[EventDate "2006.10.15"]
[EventType "team-tourn"]
[EventRounds "11"]
[EventCountry "FRA"]
[SourceTitle "EXT 2008"]
[Source "ChessBase"]
[SourceDate "2007.11.25"]
[SourceVersion "1"]
[SourceVersionDate "2007.11.25"]
[SourceQuality "1"]
[WhiteTeam "Bordeaux ASPOM"]
[BlackTeam "Le Mans"]
[WhiteTeamCountry "FRA"]
[BlackTeamCountry "FRA"]

1. d4 Nf6 2. c4 e6 3. g3 d5 4. Nf3 dxc4 5. Bg2 a6 6. 0-0 Nc6 7. e3 Rb8 8. Qe2 b5 9. b3 cxb3 10. axb3 Be7 11. Bb2 0-0 12. Nbd2 Nb4 13. Rfd1 c5 14. dxc5 Qd3 15. Qxd3 Nxd3 16. Be5 Nxe5 17. Nxe5 Bxc5 18. Nc6 Rb6 19. b4 Rxc6 20. Bxc6 Bxb4 21. Ne4 Nxe4 22. Bxe4 Bc3 23. Rab1 b4 24. Rd6 a5 25. Rbd1 e5 26. Rd8 g6 27. Rxf8+ Kxf8 28. Rd8+ Ke7 29. Rxc8 1-0

[Event "FRA-chT2 West 0607"]
[Site "France"]
[Date "2006.11.25"]
[Round "2.4"]
[White "Grossier, Pascal"]
[Black "Primel, Dominique"]
[Result "0-1"]
[WhiteElo "1985"]
[BlackElo "2056"]
[PlyCount "104"]
[EventDate "2006.10.15"]
[EventType "team-tourn"]
[EventRounds "11"]
[EventCountry "FRA"]
[SourceTitle "EXT 2008"]
[Source "ChessBase"]
[SourceDate "2007.11.25"]
[SourceVersion "1"]
[SourceVersionDate "2007.11.25"]
[SourceQuality "1"]
[WhiteTeam "Le Mans"]
[BlackTeam "Sautron"]
[WhiteTeamCountry "FRA"]
[BlackTeamCountry "FRA"]

1. d4 Nf6 2. c4 e6 3. Nc3 Bb4 4. Qc2 0-0 5. a3 Bxc3+ 6. Qxc3 b6 7. Bg5 Bb7 8. e3 h6 9. Bh4 d6 10. f3 Nbd7 11. Bd3 c5 12. Ne2 Rc8 13. b4 cxd4 14. exd4 Ba6 15. Qb3 Qc7 16. Rc1 Rfe8 17. 0-0 e5 18. dxe5 dxe5 19. Bxf6 Nxf6 20. Ng3 Rcd8 21. Rfd1 Bb7 22. Ne4 Nh5 23. c5 bxc5 24. Nxc5 Qb6 25. Kh1 Bd5 26. Bh7+ Kxh7 27. Rxd5 Nf4 28. Qc2+ Qg6 29. Qxg6+ Kxg6 30. Rcd1 Ne2 31. Rxd8 Rxd8 32. Ra1 f6 33. g3 Rd2 34. a4 Nd4 35. Ra3 Rb2 36. b5 Rf2 37. Kg1 Rc2 38. Ne4 h5 39. Nd6 h4 40. Ne4 hxg3 41. hxg3 Ne2+ 42. Kf2 f5 43. Nd6 Kf6 44. g4 g6 45. gxf5 gxf5 46. Ke3 Nf4 47. Ne4+ fxe4 48. fxe4 Re2+ 49. Kf3 Rd2 50. a5 Ne6 51. b6 axb6 52. axb6 Rb2 0-1

[Event "FRA-chT2 0304"]
[Site "France"]
[Date "2004.02.01"]
[Round "7"]
[White "Grossier, Pascal"]
[Black "Jessel, Stephen"]
[Result "1/2-1/2"]
[WhiteElo "2008"]
[BlackElo "2205"]
[PlyCount "100"]
[EventDate "2003.10.??"]
[EventType "team-tourn"]
[EventRounds "11"]
[EventCountry "FRA"]
[SourceTitle "EXT 2005"]
[Source "ChessBase"]
[SourceDate "2004.11.15"]
[SourceVersion "1"]
[SourceVersionDate "2004.11.15"]
[SourceQuality "1"]
[WhiteTeam "Le Mans"]
[BlackTeam "Le Vesinet"]
[WhiteTeamCountry "FRA"]
[BlackTeamCountry "FRA"]

1. d4 e6 2. c4 d5 3. Nc3 Nf6 4. cxd5 exd5 5. Bg5 Nbd7 6. e3 Be7 7. Bd3 c6 8. Nf3 0-0 9. 0-0 Re8 10. Qc2 Nf8 11. Rae1 Ne4 12. Bxe7 Qxe7 13. Bxe4 dxe4 14. Nd2 f5 15. f3 exf3 16. Nxf3 Be6 17. e4 fxe4 18. Rxe4 Rad8 19. Rfe1 h6 20. Re5 Qf7 21. Qe4 Bd7 22. Rxe8 Rxe8 23. Ne5 Qh5 24. Qf3 Qxf3 25. Nxf3 Rxe1+ 26. Nxe1 Be6 27. Kf2 Kf7 28. Ke3 Ke7 29. Nd3 Nd7 30. Nc5 b6 31. Nxd7 Kxd7 32. b4 Bc4 33. a3 Kd6 34. Ne4+ Ke6 35. h4 Kd5 36. Nc3+ Kd6 37. g4 Ke6 38. Kf4 Bd3 39. g5 Bc4 40. Ke4 hxg5 41. hxg5 Bf1 42. Kf4 Bg2 43. Kg3 Bh1 44. Kf4 g6 45. Kg4 Kd6 46. Kf4 Bg2 47. Kg3 Bf1 48. Kf4 Bd3 49. Ke3 Bf5 50. Kf4 Bd3 1/2-1/2

[Event "FRA-chT3 Gr5 0203"]
[Site "France"]
[Date "2002.11.16"]
[Round "2"]
[White "Le Roch, Daniel"]
[Black "Grossier, Pascal"]
[Result "1/2-1/2"]
[WhiteElo "2096"]
[BlackElo "2020"]
[PlyCount "65"]
[EventDate "2002.12.09"]
[EventType "team-tourn"]
[EventRounds "9"]
[EventCountry "FRA"]
[SourceTitle "EXT 2004"]
[Source "ChessBase"]
[SourceDate "2003.11.25"]
[SourceVersion "1"]
[SourceVersionDate "2003.11.25"]
[SourceQuality "1"]

1. d4 Nf6 2. c4 e6 3. Nc3 Bb4 4. Nf3 b6 5. Bg5 Bb7 6. e3 0-0 7. Bd3 c5 8. Qc2 h6 9. Bh4 cxd4 10. exd4 d5 11. cxd5 Bxd5 12. Bxf6 Qxf6 13. Be4 Nc6 14. 0-0 Bxc3 15. bxc3 Rac8 16. Bxd5 Nb4 17. Qb3 Nxd5 18. c4 Nf4 19. Rfd1 Rfd8 20. Rd2 Rd7 21. Rad1 Rdc7 22. Ne5 Qg5 23. g3 Ng6 24. Nxg6 Qxg6 25. Rc1 Qe4 26. f3 Qf5 27. a4 h5 28. Rdc2 h4 29. Qe3 Qa5 30. Qb3 Qf5 31. Qe3 Qa5 32. Qb3 Qf5 33. Qe3 1/2-1/2

[Event "FRA-chT3 Gr5 0203"]
[Site "France"]
[Date "2002.10.13"]
[Round "1"]
[White "Pagny, Samuel"]
[Black "Grossier, Pascal"]
[Result "0-1"]
[WhiteElo "1920"]
[BlackElo "2020"]
[PlyCount "41"]
[EventDate "2002.12.09"]
[EventType "team-tourn"]
[EventRounds "9"]
[EventCountry "FRA"]
[SourceTitle "EXT 2004"]
[Source "ChessBase"]
[SourceDate "2003.11.25"]
[SourceVersion "1"]
[SourceVersionDate "2003.11.25"]
[SourceQuality "1"]

1. e4 e6 2. d3 d5 3. Nd2 c5 4. Ngf3 Nf6 5. g3 Be7 6. Bg2 Nc6 7. 0-0 0-0 8. Re1 b5 9. c3 a5 10. e5 Ne8 11. Nf1 Ba6 12. h4 Nc7 13. N1h2 b4 14. a4 bxa3 15. bxa3 Rb8 16. d4 Rb6 17. Ng5 h6 18. Nh3 f6 19. f4 Qb8 20. Ra2 Rb1 21. Rb2 0-1